Una audiencia en crecimiento : la prensa en Costa Rica 1872-1889 /

সংরক্ষণ করুন:
গ্রন্থ-পঞ্জীর বিবরন
প্রধান লেখক: Vega Jiménez, Patricia
বিন্যাস: অজ্ঞাত
ভাষা:Spanish
বিষয়গুলি:
ট্যাগগুলো: ট্যাগ যুক্ত করুন
কোনো ট্যাগ নেই, প্রথমজন হিসাবে ট্যাগ করুন!

MARC

LEADER 000000000a22000000004500
001 006827
041 0 |a spa 
100 1 |a Vega Jiménez, Patricia 
245 1 4 |a Una audiencia en crecimiento :   |b la prensa en Costa Rica 1872-1889 /   |c Patricia Vega Jiménez. 
310 |a trimestral 
650 4 |a PERIODISMO 
650 4 |a COSTA RICA 
650 4 |a HISTORIA 
773 0 |x 0482-5276  |d San José, Costa Rica : Editorial de la Universidad de Costa Rica  |t Revista de Ciencias Sociales  |g número 86-87 (1999-2000), páginas 139-155 
942 |c ARC 
999 |c 13005  |d 13005